00642cam2a220024100 4500001001200000008004100012010001600053015001500069020001100084035001900095035002100114035002200135040000900157050001600166082000800182100003000190245003200220260007600252500002000328504002600348650002000374004000600394lce00481207790118s1977 enka b 001 0 eng  a 78324339 aGB78-05753 cL.1.25 a(Sirsi) r46578 a(DLC) 78324339 a(UPRA)lce00481207 dUPRA0 aBC108b.H58 a1601 aHodges, Wilfrid.6A4501.110aLogic /cby Wilfrid Hodges. aHarmondsworth ; New York :aHarmondsworth ; New York :bPenguin,c1977. aIncludes index. aBibliography: p. 325. 0aLogic.6S3124.146578